Comparative study of tow rice culivation methods in chhouk district, kampot province សិក្សាប្រៀបធៀបវិធីសាស្ត្រពីរយ៉ាងក្នុងការដាំដុះដំណាំស្រូវ នៅក្នុងឈូក ខេត្តកំពត (Record no. 1005)

000 -LEADER
fixed length control field 00675nam a22001577a 4500
003 - CONTROL NUMBER IDENTIFIER
control field OSt
005 - DATE AND TIME OF LATEST TRANSACTION
control field 20150921165044.0
008 - FIXED-LENGTH DATA ELEMENTS--GENERAL INFORMATION
fixed length control field 150921b xxu||||| |||| 00| 0 eng d
040 ## - CATALOGING SOURCE
Transcribing agency RUA
082 ## - DEWEY DECIMAL CLASSIFICATION NUMBER
Classification number AGR SOP 2006 B034 Or.1
100 ## - MAIN ENTRY--PERSONAL NAME
9 (RLIN) 1045
Personal name SOPHAN, KANNHNA.
245 ## - TITLE STATEMENT
Title Comparative study of tow rice culivation methods in chhouk district, kampot province សិក្សាប្រៀបធៀបវិធីសាស្ត្រពីរយ៉ាងក្នុងការដាំដុះដំណាំស្រូវ នៅក្នុងឈូក ខេត្តកំពត
260 ## - PUBLICATION, DISTRIBUTION, ETC. (IMPRINT)
Place of publication, distribution, etc. Phnom Penh
Name of publisher, distributor, etc. RUA
Date of publication, distribution, etc. 2006
300 ## - PHYSICAL DESCRIPTION
Extent 48p.
Other physical details ill.
Dimensions 29cm.
942 ## - ADDED ENTRY ELEMENTS (KOHA)
Source of classification or shelving scheme
Koha item type AGR
Holdings
Price effective from Date last seen Permanent Location Not for loan Date acquired Date last checked out Source of classification or shelving scheme Koha item type Total Checkouts Barcode Lost status Damaged status Withdrawn status Current Location Full call number
2015-09-212018-12-21Library Block B 2015-09-212018-12-06 AGR2RUA002901   Library Block BAGR SOP 2006 B034 Or.1
មជ្ឈមណ្ឌលឯការនៃសាកលវិទ្យាល័យភូមិន្ទកសិកម្មចំការដូង

Powered by Koha